000 00750nam a2200217 u 4500
001 000003328
005 20240528102159.0
008 090708s1984 dr r 001 0 spa d
040 _aDO-SdBNP
_bspa
_cBNPHU
082 _a351
_bG993p
100 1 _aAmaro Guzmán, Raymundo
_9656
245 1 0 _aPrincipios jurídicos de la organización administrativa del estado / :
_bRaymundo Amaro Guzmán.
260 _aSanto Domingo :
_bPublicaciones ONAP,
_c1984.
490 1 _aONAP
490 1 _aEstudios jurídicos
_v28
590 _aInventariado, 2019/BT
650 0 _aEstado
_9726
651 4 _aRepública Dominicana
_xAdministración Pública
_9657
650 4 _aPoder ejecutivo
_zRepública Dominicana
_910451
830 0 _aONAP
_n28
_pEstudios jurídicos
_910452
999 _c3159
_d3159